|
|
|
|
| LEADER |
00000nam a2200000 a 4500 |
| 001 |
UCU7235 |
| 003 |
CL-VaPUC |
| 008 |
960628e19630000SP |||||||||||||||||spa|d |
| 082 |
0 |
4 |
|a 668.4
|b SAE
|2 21
|
| 100 |
0 |
|
|a Saechtling, Hansjürgen
|e author
|9 365888
|
| 700 |
0 |
|
|a Zebrowski, Willi
|e author
|9 365889
|
| 245 |
1 |
0 |
|a Manual de plásticos
|
| 300 |
|
|
|a 434 p
|
| 942 |
|
|
|c BK
|
| 945 |
|
|
|d 19960628 00:00:00
|a paguirre
|
| 260 |
|
|
|a Barcelona
|b Reverté
|c 1963
|
| 650 |
|
0 |
|a Tecnología química
|9 263002
|
| 650 |
|
0 |
|a Plásticos
|9 267415
|
| 650 |
|
0 |
|a Polímeros
|9 271736
|
| 650 |
|
7 |
|a POLIETILENO
|2 CL-VaPUC
|9 365890
|
| 583 |
|
|
|a last modification
|c 19960628 00:00:00
|k Rodrigo Vera
|
| 999 |
|
|
|c 249913
|d 249911
|
| 952 |
|
|
|0 0
|1 0
|4 0
|6 668_400000000000000_SAE_1963
|7 0
|8 A
|9 267477
|a BIBING
|b BIBING
|d 2019-11-19
|i 1698052
|l 1
|m 2
|o 668.4 SAE 1963
|p 1698052
|r 2025-01-20
|s 2023-11-13
|w 2019-11-19
|y BK
|k CCL
|